Language Quiz

Random Language or Letter Quiz

Common Sayings: Missing 'K' Words Quiz Stats

 Plays Quiz Updated Mar 3, 2018

Support Sporcle.
Go Orange.
Score 0/30 Timer 04:00
0 Plays Today
% Correct
kitchen
94.8%
kill
94.6%
keeps
94.5%
knight
94.4%
keep
94.3%
kid
94.2%
kind
94%
kicking
93.8%
kindness
93.7%
kite
93.6%
kiss
93.5%
knowledge
93.3%
knife
93.2%
knees
92.5%
know
92.4%
% Correct
key
92.2%
kick
90.5%
king
88.4%
knuckle
88.2%
knickers
88.1%
kingdom
88%
kinks
87.6%
keen
84.9%
knock
84.7%
kit
83.7%
knot
79.9%
killer
78.2%
kith
76.1%
knobs
70.6%
kidney
46.2%

From the Vault

Mean Girls Quotes

by calkinsm

Movies 5m
"I'm sorry that people are so jealous of me... but I can't help it that I'm so popular."
Remove Ads.
Support Sporcle.
Get the best of Sporcle when you Go Orange. This ad-free experience offers more features, more stats, and more fun while also helping to support Sporcle. Thank you for becoming a member.

Show Comments

Extras

Top Quizzes Today


Score Distribution

Your Account Isn't Verified!

In order to create a playlist on Sporcle, you need to verify the email address you used during registration. Go to your Sporcle Settings to finish the process.

Report this User

Report this user for behavior that violates our Community Guidelines.

Details: